000 01744nam a2200469 i 4500
001 14674
003 KOSZ 005
005 20221129142058.0
008 070608s1972 pl a f 000 0 pol
015 _aPB 1972/9253
035 _a991034615819705066
035 _a(PL-WaBN)b19318546-48omnis_nlop
035 _ab19318546
035 _a(OCoLC)749344369
035 _a(PL)b0000001931854
035 _a(EXLNZ-48OMNIS_NETWORK)9910126784005606
040 _aWA N
_cWA N
_dKOSZ 005/KK
080 _a658.012.4
080 _a62:681.3
245 0 0 _aTechnologia procesów przetwarzania danych dla zarządzania :
_bpraca zbiorowa /
_cpod redakcją Marka Greniewskiego ; [zespół autorów Marek Greniewski et al.].
260 _aWarszawa :
_bPaństwowe Wydawnictwo Ekonomiczne,
_c1972.
300 _a207, [5] stron :
_bilustracje ;
_c18 cm.
336 _2rdacontent
_aTekst
_btxt
337 _2rdamedia
_aBez urządzenia pośredniczącego
_bn
338 _2rdacarrier
_aWolumin
_bnc
380 _aKsiążki
388 _a1901-2000
490 1 _aBiblioteka Doskonalenia Kadr
504 _aBibliografia na stronie 206.
650 7 _aPrzemysł
_2DBN
650 7 _aPrzetwarzanie danych
_2DBN
650 7 _aSystemy informatyczne zarządzania
_2DBN
658 _aInformatyka i technologie informacyjne
658 _aInżynieria i technika
658 _aZarządzanie i marketing
700 1 _aGreniewski, Marek Józef.
_eRedakcja
710 2 _aPaństwowe Wydawnictwo Ekonomiczne
_4pbl
856 _uhttp://koha.tu.koszalin.pl/cgi-bin/koha/opac-detail.pl?biblionumber=14674
_yKatalog online BPK
830 0 _aBiblioteka Doskonalenia Kadr
942 _2UKD
_cKS
999 _c14674
_d14674